Regions of Tartu With a Map - Statistics

General Stats
  • This quiz has been taken 35 times
  • The average score is 10 of 17
Answers on the Map
Answers color-coded by a green-red scale on the quiz's map according to % correct below.
 
Answer Stats
Answer % Correct
Kesklinn
95%
Annelinn
85%
Karlova
70%
Supilinn
70%
Tammelinn
70%
Ropka
65%
Ülejõe
65%
Ihaste
55%
Maarjamõisa
55%
Ränilinn
55%
Tähtvere
55%
Vaksali
55%
Veeriku
55%
Raadi-Kruusamäe
50%
Variku
50%
Ropka Tööstusrajoon
45%
Jaamamõisa
40%
No matching quizzes found
Score Distribution
Percent of People with Each Score
Percentile by Number Answered
Your Score History
You have not taken this quiz